000 00482nam a2200169 i 4500
001 76207
003 ES-MaACL
005 20230906172744.0
007 t|
008 040929s1969 sp ||||1| spa d
100 1 _aGuelluy, Robert.
_960428
245 1 3 _aLa Creación /
_cRobert Guelley : [versión de Daniel Ruiz Bueno].
260 _aBarcelona :
_bHerder,
_c1969.
300 _a221 p. ;
_c22 cm.
700 1 _aRuiz Bueno, Daniel.
_9100677
852 _aES-MaACL
_jC-36430
_bR.69840
999 _c76207
_d76207